000
00252nam a2200097Ia 4500
001
645972
005
20250826153633.0
008
250824s9999 xx 000 0 und d
245
0
_a
BİR KÜÇÜK OSMANCIK VARDI
_c
HASAN NAİL CANAT
260
_b
GENÇ TİMAŞ
999
_c
645972
_d
645972